| 000 | 00365nam a22001337a 4500 | ||
|---|---|---|---|
| 003 | OSt | ||
| 005 | 20251021104821.0 | ||
| 008 | 251021b |||||||| |||| 00| 0 eng d | ||
| 040 | _cHODDER EDUCATION | ||
| 050 | _aPL 8704 .M87 2014 | ||
| 245 |
_aTHE MYSTERY OF RUKODZI MOUNTAIN _cMUSARIRI, BLESSING |
||
| 260 |
_aHACHETTE UK _bHODDER EDUCATION _c2014 |
||
| 942 |
_2lcc _cBK _n0 |
||
| 999 |
_c9680 _d9680 |
||